Hacia un realismo jurídico penal marginal
Uloženo v:
| Hlavní autor: | |
|---|---|
| Médium: | Kniha |
| Jazyk: | španělština |
| Vydáno: |
Caracas
Monte Avila Editores Latinoamericana
1993
|
| Vydání: | 1a. ed |
| Edice: | Documentos
|
| Témata: | |
| Tagy: |
Přidat tag
Žádné tagy, Buďte první, kdo vytvoří štítek k tomuto záznamu!
|
MARC
| LEADER | 00000cam a2200000 a 4500 | ||
|---|---|---|---|
| 001 | UCC4295 | ||
| 003 | CL-VaPUC | ||
| 008 | 180727e19930000ve |||||||||||||||||spa|d | ||
| 020 | |a 9800107118 | ||
| 082 | 0 | 4 | |a 345 |b ZAF |2 21 |
| 100 | 0 | |a Zaffaroni, Eugenio Raúl |e author |9 598460 | |
| 245 | 1 | 0 | |a Hacia un realismo jurídico penal marginal |
| 250 | |a 1a. ed | ||
| 300 | |a 186 p | ||
| 942 | |c BK | ||
| 945 | |d 20180727 12:54:00 |a dcastane | ||
| 260 | |a Caracas |b Monte Avila Editores Latinoamericana |c 1993 | ||
| 650 | 7 | |a DERECHO PENAL |2 CL-VaPUC |9 11 | |
| 650 | 0 | |a Filosofía del derecho |9 255050 | |
| 583 | |a last modification |c 20180727 12:54:00 |k Rodrigo Vera | ||
| 490 | 0 | |a Documentos | |
| 999 | |c 371848 |d 371846 | ||
| 952 | |0 0 |1 0 |3 erb |4 0 |6 345_000000000000000_ZAF_1993 |7 0 |8 A |9 489045 |a BIBDER |b BIBDER |e Mateluna Arestizabal, Alfredo Sergio |i 5483476 |l 1 |o 345 ZAF 1993 |p 5483476 |q 2025-06-09 |r 2025-05-09 |s 2025-05-09 |w 2019-11-24 |y BK |z Catalogado en:20180727 |k DER | ||